00767naa a2200205 450000500170000001000150001702000260003203500140005803700090007208200060008110000360008724501070012325000060023026000450023627000620028130000210034394200250036499900190038995201530040820250327165152.0 aENG-144279 a9780199472215c995.00 aEN-127811 bDBAD 21 aGupta, Pravin Jaiprakash979987 aOxford Clinical Practice Series:bHandbook of Benign Proctological Disorders/cPravin Jaiprakash Gupta a1 aNew DelhibOxford University Pressc2017 aYMCA Library Building, Jai Singh RoadbNew Delhi e110001 a259pc20cm (pb)  2ddccENmGUPh616.34 c210556d210556 001040708NFICaMbMd2025-03-27eDelivery of Books Act Divisiong995.00l0oGUP 616.34pEN-127811r2025-03-27 00:00:00t1v995.00w2025-03-27yEN